000 00304nam a22001337a 4500
008 171106b xxu||||| |||| 00| 0 eng d
020 _a9780538833998
041 _aeng
080 _211 ED
_a330.722.6
100 _a61
101 _aKON
245 _aINTERMEDIATE ACCOUTING
_cSMITH.S.S
942 _2udc
_cBK
999 _c37762
_d37762